000 00518pab a2200193 454500
008 180718b2014 xxu||||| |||| 00| 0 eng d
100 _aRathva, Arjun
245 _aDenotification of the Rathvas as Adivasis in Gujarat
260 _c2014
300 _ap.22-24.
362 _a8 Feb
650 _aIndigenous populations - India - Gujarat
650 _aIndigenous populations
700 _aRajaram, N.
700 _aRai, Dhananjay
773 _aEconomic and Political Weekly
908 _aN
909 _a102487
999 _c102485
_d102485